ESSENTIALS OF ORAL BIOLOGY (Record no. 4841)

MARC details
000 -LEADER
fixed length control field 00320nam a2200133Ia 4500
008 - FIXED-LENGTH DATA ELEMENTS--GENERAL INFORMATION
fixed length control field 150201s2014 xx 000 0 und d
082 ## - DEWEY DECIMAL CLASSIFICATION NUMBER
Classification number 617.0707
Item number O2010J
100 ## - MAIN ENTRY--PERSONAL NAME
Personal name JOSE ,MAJI
245 ## - TITLE STATEMENT
Title ESSENTIALS OF ORAL BIOLOGY
250 ## - EDITION STATEMENT
Edition statement 1ST
260 ## - PUBLICATION, DISTRIBUTION, ETC. (IMPRINT)
Name of publisher, distributor, etc. C.B.S.PUBLISHERS
650 ## - SUBJECT ADDED ENTRY--TOPICAL TERM
Topical term or geographic name as entry element ORAL PATHOLOGY
942 ## - ADDED ENTRY ELEMENTS (KOHA)
Source of classification or shelving scheme Dewey Decimal Classification
Koha item type Books
Koha issues (borrowed), all copies 8
Holdings
Withdrawn status Lost status Source of classification or shelving scheme Damaged status Not for loan Home library Current library Date acquired Serial Enumeration / chronology SGTU Total Checkouts Full call number Barcode Date last seen Date last checked out Bill Date Koha item type Total Renewals
    Dewey Decimal Classification     SGT Dental Library SGT Dental Library 06/11/2014 1 SGTU 4 617.0707 O2010J FD6991 31/03/2026 26/03/2026 09/02/2015 Books  
    Dewey Decimal Classification     SGT Dental Library SGT Dental Library 06/11/2014 1 SGTU 2 617.0707 O2010J FD6992 16/12/2025 02/12/2025 09/02/2015 Books  
    Dewey Decimal Classification     SGT Dental Library SGT Dental Library 06/11/2014 1 SGTU 3 617.0707 O2010J FD6993 17/12/2025 02/12/2025 09/02/2015 Books 1
    Dewey Decimal Classification     SGT Dental Library SGT Dental Library 06/11/2014 1 SGTU 3 617.0707 O2010J FD6994 23/04/2022 23/04/2022 09/02/2015 Books  
    Dewey Decimal Classification     SGT Dental Library SGT Dental Library 06/11/2014 1 SGTU 2 617.0707 O2010J FD6995 12/02/2022 12/02/2022 09/02/2015 Books